000 00356nam a2200145Ia 4500
008 230917s9999||||xx |||||||||||||| ||und||
040 _e7910
_aMAIN
041 _aEnglish
082 _a380.5 O2T
100 _aOwen, WilfrEd
245 0 _aTransportation and world development
260 _aLondon
_bHutchinson
_c1987
300 _axiv, 156 p.
942 _cBK
999 _c64390
_d64390